Sports Quiz

Random Sports or War Quiz

WCW World War 3 1998 P.P.V Quiz Stats

 Plays Quiz not verified by Sporcle

Score 0/76 Timer 13:00
0 Plays Today
Match Wrestlers % Correct
Three Ring, 60 man battle royalKevin Nash
97.3%
Three Ring, 60 man battle royalScott Hall
94.6%
Three Ring, 60 man battle royalEddie Guerrero
89.3%
Three Ring, 60 man battle royalChavo Guerrero
88.6%
Three Ring, 60 man battle royalHorace Hogan
87.9%
Singles MatchScott Steiner
85.2%
Singles MatchChris Jericho
85.2%
Three Ring, 60 man battle royalChris Jericho
85.2%
Three Ring, 60 man battle royalScott Steiner
85.2%
Singles MatchRick Steiner
84.6%
Three Ring, 60 man battle royalChris Benoit
83.9%
Three Ring, 60 man battle royalRey Mysterio
83.9%
Three Ring, 60 man battle royalBooker T
83.9%
Singles MatchStevie Ray
83.2%
Three Ring, 60 man battle royalStevie Ray
83.2%
Three Ring, 60 man battle royalDean Malenko
82.6%
Three Ring, 60 man battle royalLex Luger
81.9%
Singles MatchDiamond Dallas Page
81.2%
Tag Team MatchPerry Saturn
79.9%
Three Ring, 60 man battle royalPerry Saturn
79.9%
Three Ring, 60 man battle royalThe Giant
77.2%
Singles MatchBilly Kidman
74.5%
Three Ring, 60 man battle royalBilly Kidman
74.5%
Singles MatchJuventud Guerrera
72.5%
Three Ring, 60 man battle royalJuventud Guerrera
72.5%
Singles MatchKonnan
69.8%
Three Ring, 60 man battle royalKonnan
69.8%
Singles MatchBret Hart
69.1%
Three Ring, 60 man battle royalDisco Inferno
66.4%
Three Ring, 60 man battle royalScott Norton
66.4%
Three Ring, 60 man battle royalAlex Wright
64.4%
Three Ring, 60 man battle royalChris Kanyon
63.1%
Singles MatchGlacier
59.7%
Three Ring, 60 man battle royalGlacier
59.7%
Three Ring, 60 man battle royalLa Parka
56.4%
Three Ring, 60 man battle royalSteve McMichael
55.7%
Three Ring, 60 man battle royalChris Adams
55%
Tag Team MatchErnest Miller
53%
Match Wrestlers % Correct
Three Ring, 60 man battle royalErnest Miller
53%
Three Ring, 60 man battle royalVincent
52.3%
Singles MatchWrath
47.7%
Three Ring, 60 man battle royalScotty Riggs
47.7%
Three Ring, 60 man battle royalWrath
47.7%
Three Ring, 60 man battle royalPsicosis
45.6%
Three Ring, 60 man battle royalKendall Windham
45.6%
Three Ring, 60 man battle royalLodi
43.6%
Three Ring, 60 man battle royalSilver King
38.3%
Three Ring, 60 man battle royalNorman Smiley
38.3%
Singles MatchBobby Duncum Jr
37.6%
Three Ring, 60 man battle royalBobby Duncum Jr
37.6%
Three Ring, 60 man battle royalLenny Lane
36.9%
Three Ring, 60 man battle royalHammer
34.2%
Three Ring, 60 man battle royalPrince Iaukea
32.2%
Three Ring, 60 man battle royalSuper Calo
31.5%
Three Ring, 60 man battle royalBobby Eaton
30.9%
Three Ring, 60 man battle royalCiclope
28.2%
Three Ring, 60 man battle royalThe Disciple
25.5%
Three Ring, 60 man battle royalKenny Kaos
25.5%
Three Ring, 60 man battle royalEl Dandy
24.8%
Three Ring, 60 man battle royalVillano V
24.8%
Three Ring, 60 man battle royalBuddy Lee Parker
23.5%
Three Ring, 60 man battle royalBarry Darsow
22.1%
Three Ring, 60 man battle royalHector Garza
22.1%
Three Ring, 60 man battle royalLizmark Jr
21.5%
Tag Team MatchSonny Onoo
20.1%
Three Ring, 60 man battle royalDamien
19.5%
Three Ring, 60 man battle royalMike Enos
19.5%
Tag Team MatchKaz Hayashi
18.1%
Three Ring, 60 man battle royalKaz Hayashi
18.1%
Three Ring, 60 man battle royalBarry Horowitz
17.4%
Three Ring, 60 man battle royalThe Renegade
17.4%
Three Ring, 60 man battle royalBobby Blaze
15.4%
Three Ring, 60 man battle royalTokyo Magnum
12.8%
Three Ring, 60 man battle royalScott Putski
8.7%
Three Ring, 60 man battle royalJohnny Swinger
8.7%
Three Ring, 60 man battle royalChip Minton
6%

You're not logged in!

Compare scores with friends on all Sporcle quizzes.
OR
Log In

Show Comments

Extras

Top Quizzes Today


Score Distribution

Your Account Isn't Verified!

In order to create a playlist on Sporcle, you need to verify the email address you used during registration. Go to your Sporcle Settings to finish the process.

Report this User

Report this user for behavior that violates our Community Guidelines.

Details: